| 000 | 00514nam a2200181 a 4500 | ||
|---|---|---|---|
| 003 | PILC | ||
| 005 | 20150112093434.0 | ||
| 008 | 100723s19uu xx 00 eng d | ||
| 020 | _a9780140108927 | ||
| 050 |
_aPZ 3 _b.C455 1939 |
||
| 082 |
_aLiSF 813.52 _bC36 1939 |
||
| 100 |
_aChandler, Raymond _914777 |
||
| 245 |
_aThe big sleep / _cRaymond Chandler |
||
| 260 |
_aWrights Lane, London : _bThe Penguin Group, _c1939. |
||
| 300 |
_a220 pages : _c20 cm. |
||
| 650 |
_aEnlish Literature _914778 |
||
| 942 |
_2lcc _cBK |
||
| 999 |
_c14493 _d14493 |
||